| 000 | 01845nam1a2200289 i 4500 | ||
|---|---|---|---|
| 001 | RU\NLR\bibl\1717964 | ||
| 005 | 20260408010134.0 | ||
| 035 | _a(NLR Aleph) 001708976 | ||
| 090 |
_a1268029 _c1268029 |
||
| 100 | _a20101222g20089999k y0rusy50 ca | ||
| 101 | 0 | _arus | |
| 102 | _aRU | ||
| 105 | _a||||z ||||| | ||
| 200 | 1 |
_aШкола молодых ученых _eсборник статей _fКамч. гос. ун-т им. Витуса Беринга, НИЛ "Пробл. общ. и проф. образования" _g[науч. ред. д.п.н., проф. Н.Г. Рябкова] |
|
| 210 |
_aПетропавловск-Камчатский _cИзд-во Камчатского государственного университета _d2008 |
||
| 215 | _d20 | ||
| 463 | 0 | _10011700641 | |
| 601 | 0 | 2 |
_aКамчатский государственный университет им. Витуса Беринга _cПетропавловск-Камчатский, город _jСборники _xНаучно-исследовательская работа _92614469 _3RU\NLR\auth\661551027 |
| 686 | _aЧ30е(2Р)л61я43 | ||
| 702 | 1 |
_4340 _7ca _8rus _aРябкова _bН. Г. _f1948- _gНина Геннадьевна _980295 _3RU\NLR\auth\7797369 |
|
| 712 | 0 | 2 |
_4570 _aКамчатский государственный университет им. Витуса Беринга _bНаучно-исследовательская лаборатория "Проблемы общего и профессионального образования" _cПетропавловск-Камчатский _9838603 _3RU\NLR\AUTH\8810171386 |
| 801 | 0 |
_aRU _bNLR _c20101222 _gRCR |
|
| 801 | 1 |
_aRU _bNLR _c20101222 |
|
| 852 |
_aNLR _j2010-3/37554 |
||
| 942 | _cBOOK | ||